000 00452nam a2200157Ia 4500
005 20250306044427.0
008 240331s9999 xx 000 0 und d
082 _bMAL
_22589
_a920
100 _aMalar, M
245 0 _aSintanaiyalar Nietzsche:
_bSinthanaiyalar Varisai - 15
250 _a3rd Edition
260 _aChennai
_bPrema Pirasuram
_c1993
300 _a176 p.,
500 _aBiography of German philosopher, poet and culture critic.
942 _cL
999 _c4271
_d4271